| 000 | 00473nam a22001097a 4500 | ||
|---|---|---|---|
| 008 | 160328b xxu||||| |||| 00| 0 eng d | ||
| 100 | _aDeninger, Hermann | ||
| 245 | _aAbgekurzte vorphilatelistische Stempel 2nd ed. | ||
| 260 |
_aFreiburg in Br., Germany _bKricheldorf Verlag _c1953 |
||
| 500 | _3Text in German. Translation of title: Abbreviated pre-philatelic postal markings. Bibliography: p. 9-13. | ||
| 650 | _aPostal Markings | Pre-adhesive Covers | Covers | Postal History | ||
| 999 |
_c1884 _d1884 |
||